Information Malaysia ... yearbook.

Na minha lista:
Detalhes bibliográficos
Formato: Livro
Idioma:Undetermined
Publicado em: Kuala Lumpur Berita Pub 1980
Assuntos:
Tags: Adicionar Tag
Sem tags, seja o primeiro a adicionar uma tag!
Thư viện lưu trữ: Trung tâm Học liệu Trường Đại học Cần Thơ
LEADER 00431nam a2200169Ia 4500
001 CTU_92046
008 210402s9999 xx 000 0 und d
082 |a 959.5 
082 |b I.43 
245 0 |a Information Malaysia ... yearbook. 
260 |a Kuala Lumpur 
260 |b Berita Pub 
260 |c 1980 
650 |a malaysia 
650 |x periodicals. 
904 |i Năm 
980 |a Trung tâm Học liệu Trường Đại học Cần Thơ